000 01141nam0a2200301 4500
001 RU\NLR\ONL2\20369
005 20250613132030.0
010 _a978-5-298-01972-9
_92000
035 _a(NLR Aleph) 009667953
090 _a9646718
_c9646718
100 _a20110421d2010 |||y0rusy50 ca
101 0 _atat
102 _aRU
105 _ac |||||||||
200 1 _aБезнен тан
_eповесть, фронт истэлеге
_fГ.-Халикъ Садри
_g[төз. А. Имамиева]
210 _aКазан
_cТатар. кит. нэшр.
_d2010
215 _a189,[2] б.
_cпортр.
_d17
300 _aВ вып. дан. авт.: Садри Г.-Халикъ (Садретдинов Габделхаликъ Гарифович).
541 1 _aНаш рассвет
_e[повесть, фронтовое воспоминание].
_zrus
686 1 _aШ6(2=Тат)7-4
700 1 _aСадри
_bГ. -Х.
_f1890-1955
_gГ.-Халикъ
_4070
801 0 _aRU
_bNLR
_c20110421
_gPSBO
852 _aNLR
_bОНЛ
_jТатар./2-12384
942 _cBOOK
980 _aNB
980 _aONL_RF